000
00329 a2200145 4500
001
167296
020
_a
040
_c
Magnum
100
_a
Silva, Ezequiel Theodoro da
240
1
0
_a
Elementos de pedagogia da leitura
_l
por
245
1
0
_a
Elementos de pedagogia da leitura
362
0
_a
1899
697
_a
ENSINO
942
_c
BK
999
_c
167296
_d
167296